| 000 | 00456nam a2200169 a 4500 | ||
|---|---|---|---|
| 001 | 15606 | ||
| 005 | 20180713204323.0 | ||
| 008 | 140415s1983 000 0 spa d | ||
| 041 | _aspa | ||
| 082 |
_a350.722 _bMOL |
||
| 100 | 1 | _aMOLINA LOPEZ, GUILLERMO EDUARDO | |
| 245 | 1 | 0 | _aPLANIFICACION PROGRAMACION PRESUPUESTACION |
| 250 | _a2a ed. | ||
| 260 |
_a[s.l.] : _bUNAM, _c1983 |
||
| 300 | _a215 | ||
| 650 | 1 | 4 |
_aGASTO PUBLICO _xPRESUPUESTO |
| 999 |
_c15606 _d15606 |
||